FUNDAMENTAL financial and managerial accounting concepts
محفوظ في:
| المؤلف الرئيسي: | |
|---|---|
| التنسيق: | كتاب |
| اللغة: | الإنجليزية |
| منشور في: |
McGraw-Hill/Irwin
2007
|
| الوسوم: |
إضافة وسم
لا توجد وسوم, كن أول من يضع وسما على هذه التسجيلة!
|
MARC
| LEADER | 00000nam a22000007a 4500 | ||
|---|---|---|---|
| 008 | 210125b ||||| |||| 00| 0 eng d | ||
| 020 | |a 978-0-07-284600-3 | ||
| 100 | |a Edmonds, Thomas P.… [et al.] | ||
| 245 | |a FUNDAMENTAL financial and managerial accounting concepts |c Thomas P. Edmonds… [et al.] |g xlii, 1254p | ||
| 260 | |b McGraw-Hill/Irwin |c 2007 |h Boston |i 689054 |l HF 5636.F96 |m Accounting |m Managerial accounting | ||
| 942 | |a lcc |c BK |e Ogunmilade F.T. |f 25/1/2021 | ||
| 952 | |0 0 |1 0 |2 lcc |4 0 |6 HF5636 F96 |7 0 |9 1718 |a HOL |b HOL |c GJ |d 2021-01-25 |l 0 |o HF 5636 .F96 |p 2021-0496 |r 2021-01-25 00:00:00 |w 2021-01-25 |y BK | ||
| 999 | |c 909 |d 909 | ||